00366pam a2200133 a 4500020002000000041000800020082001600028100001800044245005300062260005100115300000900166653003900175700001800214 a9780195686982c aeng a615.19bSES aSessler, J L. aMedicinal Inorganic ChemistryhTextual Documents aWashington:bAmerican Chemical Society,c2005. a453. aPharmaceutical/Medicinal Chemistry aDoctrow, S R.